[Event "GP de la librairie Marchand"]
[Site "Anderlecht"]
[Date "1987.??.??"]
[Round "1"]
[White "Bogaerts, Jan"]
[Black "Geenen, Marc"]
[Result "1/2-1/2"]
[WhiteElo "2310"]
[BlackElo "2295"]
[Source "ChessBase"]

1. e4 e5 2. Nf3 Nc6 3. Bc4 Bc5 4. d3 Nf6 5. Bb3 O-O 6. Nbd2 Re8 7. O-O Nd4
8. Nxd4 Bxd4 9. c3 Bb6 10. Nc4 d5 11. Nxb6 axb6 12. exd5 Nxd5 13. Qf3 Be6
14. Re1 Qd6 15. Bd2 c6 16. Rad1 Nf6 17. Qg3 Bxb3 18. axb3 Rad8 19. Bg5 h6
20. Bxf6 Qxf6 21. Qe3 c5 22. Qe4 1/2-1/2

[Event "GP de la librairie Marchand"]
[Site "Anderlecht"]
[Date "1987.??.??"]
[Round "1"]
[White "Kerkhof, Philippe"]
[Black "Moulin, Pierre"]
[Result "1/2-1/2"]
[WhiteElo "2250"]
[BlackElo "2320"]
[Source "ChessBase"]

1. e4 e5 2. Nf3 Nc6 3. Bb5 g6 4. c3 d6 5. d4 Bd7 6. O-O Bg7 7. dxe5 Nxe5
8. Nxe5 dxe5 9. Qb3 Rb8 10. Be3 Bxb5 11. Qxb5+ c6 12. Qb3 b6 13. Nd2 Nf6 14. Nc4
Qe7 15. f3 O-O 16. a4 Rfd8 17. Rfd1 Qe6 18. Rd2 Bf8 19. Rad1 Be7 20. Rxd8+ Rxd8
1/2-1/2

[Event "GP de la librairie Marchand"]
[Site "Anderlecht"]
[Date "1987.??.??"]
[Round "1"]
[White "Penson, Thierry"]
[Black "Van Herck, Marcel"]
[Result "1/2-1/2"]
[WhiteElo "2265"]
[BlackElo "2260"]
[Source "ChessBase"]

1. e4 c6 2. Nc3 d5 3. Nf3 Bg4 4. h3 Bxf3 5. Qxf3 e6 6. Qg3 Nf6 7. e5 Nfd7
8. Be2 Qb6 9. f4 g6 10. Bf3 h5 11. Ne2 c5 12. d3 Nc6 13. Qf2 Nb4 14. Kd1 h4
15. Bg4 O-O-O 16. Re1 Be7 17. Ng1 d4 18. a3 Qa6 19. b3 c4 20. bxc4 Qa4 21. Qd2
Nxd3 22. Qxd3 Nc5 23. Ke2 Nxd3 24. cxd3 g5 25. f5 exf5 26. Bxf5+ Kb8 27. Nf3 f6
28. Rb1 Rhe8 29. Be4 Qd7 30. Kf1 b6 31. Rb5 f5 32. Bd5 Qxb5 33. cxb5 Rxd5 34. a4
g4 35. hxg4 fxg4 36. Ng5 Kc8 37. Nf7 Bb4 38. Re4 h3 39. Rxg4 Rf8 40. e6 hxg2+
41. Kxg2 1/2-1/2

[Event "GP de la librairie Marchand"]
[Site "Anderlecht"]
[Date "1987.??.??"]
[Round "2"]
[White "Moulin, Pierre"]
[Black "Bogaerts, Jan"]
[Result "0-1"]
[WhiteElo "2320"]
[BlackElo "2310"]
[Source "ChessBase"]

1. e4 c5 2. Nc3 Nc6 3. g3 g6 4. Bg2 Bg7 5. d3 d6 6. Be3 Nf6 7. h3 O-O 8. Qd2
Rb8 9. f4 Nd4 10. Nd1 Ne8 11. c3 Nc6 12. Nf3 b6 13. O-O e6 14. d4 Ba6 15. Re1
Nc7 16. Nf2 cxd4 17. cxd4 d5 18. e5 Qe7 19. Rac1 Na5 20. b3 Rfc8 21. g4 Bf8
22. Nd3 Qa3 23. Bf1 Bxd3 24. Bxd3 Bb4 25. Qf2 Bxe1 26. Rxe1 Ne8 27. f5 Rc3
28. fxe6 fxe6 29. Ng5 Qe7 30. Qd2 Rbc8 31. Rf1 R3c7 32. Rf7 Qa3 33. Rxc7 Nxc7
34. Qc2 Qf8 35. h4 h6 36. Nh3 Qf3 37. Bxh6 Qg3+ 38. Qg2 Qxd3 39. Nf4 Qxd4+
40. Kh1 Qa1+ 41. Kh2 Qxe5 42. Qc2 Qe4 43. Qxe4 dxe4 44. Nxg6 0-1

[Event "GP de la librairie Marchand"]
[Site "Anderlecht"]
[Date "1987.??.??"]
[Round "2"]
[White "Van Herck, Marcel"]
[Black "Geenen, Marc"]
[Result "1-0"]
[WhiteElo "2260"]
[BlackElo "2295"]
[Source "ChessBase"]

1. c4 e5 2. Nc3 Nf6 3. Nf3 Nc6 4. e3 Bb4 5. Qc2 Bxc3 6. Qxc3 Qe7 7. d3 d5
8. Be2 dxc4 9. Qxc4 Be6 10. Qc2 Nb4 11. Qa4+ Bd7 12. Qb3 Bc6 13. Bd2 a5 14. O-O
O-O 15. a3 Bd5 16. Qc3 Nxd3 17. Bxd3 e4 18. Ne5 exd3 19. f3 Rfd8 20. Rac1 c6
21. Rfd1 a4 22. e4 Bb3 23. Re1 Qd6 24. Re3 Bc2 25. Nxf7 Kxf7 26. e5 Qd4 27. Qxd4
Rxd4 28. exf6 gxf6 29. Rce1 Rd7 30. Re4 c5 31. Kf2 b5 32. Rh4 Kg8 33. Re6 Rf8
34. Ke3 Rff7 35. Re8+ Rf8 36. Re6 Rff7 37. Re8+ Rf8 38. Re6 Bb3 39. Ree4 f5
40. Re5 Rff7 41. Rf4 Bc4 42. g4 fxg4 43. Re8+ Kg7 44. Rxg4+ Kf6 45. Bc3+ Kf5
46. Re5+ Kf6 47. Re8+ Kf5 48. Re5+ Kf6 49. Rxc5+ Ke7 50. Re4+ Be6 51. Rc6 Rd6
52. Bb4 1-0

[Event "GP de la librairie Marchand"]
[Site "Anderlecht"]
[Date "1987.??.??"]
[Round "3"]
[White "Bogaerts, Jan"]
[Black "Denys, Alex"]
[Result "1-0"]
[WhiteElo "2310"]
[BlackElo "2275"]
[Source "ChessBase"]

1. Nf3 e6 2. g3 Nf6 3. Bg2 c5 4. O-O Nc6 5. c4 d5 6. d4 cxd4 7. Nxd4 Qb6
8. Nxc6 bxc6 9. Nc3 Be7 10. e4 dxc4 11. e5 Nd5 12. Qg4 g6 13. Rd1 Ba6 14. Ne4
O-O 15. Bg5 Qc7 16. Bxe7 Qxe7 17. Rd2 Kg7 18. Rad1 Rab8 19. Nd6 Rb6 20. Nxc4 Rb4
21. b3 h5 22. Qd4 c5 23. Qa1 Bxc4 24. bxc4 Nb6 25. Bf1 h4 26. a3 Ra4 27. Qb2
hxg3 28. hxg3 Rxc4 29. Rd6 Rg4 30. Qc2 Rh8 31. Qxc5 Qh4 32. Bg2 Qh2+ 33. Kf1 Rc4
34. Qe3 Qh5 35. Bf3 Qh3+ 36. Bg2 Qf5 37. R6d4 Rc5 38. f4 Rhc8 39. Qf3 Nd5 40. g4
Qxg4 41. Qxg4 Ne3+ 42. Ke2 Nxg4 43. Rd7 Ra5 44. Bh3 Nxe5 45. fxe5 Rxe5+ 46. Kd2
Rh8 47. Rf1 Rf8 48. Re1 Rxe1 49. Kxe1 Kh6 50. Rxa7 f5 51. a4 g5 52. a5 g4
53. Bf1 f4 54. Re7 Rc8 55. Rxe6+ Kg5 56. Kf2 Rc2+ 57. Re2 g3+ 58. Kg2 Rc1
59. Ra2 f3+ 60. Kxg3 Rxf1 61. a6 Rh1 62. a7 f2 63. Ra5+ 1-0

[Event "GP de la librairie Marchand"]
[Site "Anderlecht"]
[Date "1987.??.??"]
[Round "3"]
[White "Geenen, Marc"]
[Black "Moulin, Pierre"]
[Result "0-1"]
[WhiteElo "2295"]
[BlackElo "2320"]
[Source "ChessBase"]

1. e4 c6 2. d4 d5 3. f3 Nf6 4. e5 Nfd7 5. f4 c5 6. Nf3 Nc6 7. c4 cxd4 8. cxd5
Qa5+ 9. Nbd2 Qxd5 10. Bc4 Qa5 11. Bxf7+ Kxf7 12. e6+ Kxe6 13. Ng5+ Kd6 14. Nf7+
Kc7 15. Nxh8 Qd5 16. Qb3 Qxg2 17. Qf3 Qxf3 18. Nxf3 e5 19. fxe5 Ndxe5 20. Nxe5
Nxe5 21. Bf4 Bd6 22. Bxe5 Bxe5 23. Rc1+ Kb6 24. O-O Bg4 25. Nf7 Bf6 26. Nd6 a6
27. Ne4 Be5 28. Nf2 Bf5 29. Rfd1 Bf4 30. Rc4 Be3 31. Kg2 Rf8 32. Nd3 Bg4 33. Re1
Bf3+ 34. Kg3 Bc6 35. Ne5 Bf2+ 36. Kg4 Bxe1 37. Rxc6+ bxc6 38. Nd7+ Kb5 39. Nxf8
Kc4 40. Ne6 Kd5 41. Nxg7 Ke4 42. Ne6 d3 43. Ng5+ Ke3 44. Nf3 d2 45. Nxd2 Kxd2
46. Kf5 Kc2 47. Ke6 Kxb2 48. Kd6 Kxa2 49. Kxc6 a5 50. Kb5 Kb3 51. h4 a4 52. h5
a3 53. h6 a2 0-1

[Event "GP de la librairie Marchand"]
[Site "Anderlecht"]
[Date "1987.??.??"]
[Round "3"]
[White "Kerkhof, Philippe"]
[Black "Penson, Thierry"]
[Result "0-1"]
[WhiteElo "2250"]
[BlackElo "2265"]
[Source "ChessBase"]

1. e4 d6 2. d4 c6 3. Nf3 g6 4. Bd3 Bg7 5. O-O Nf6 6. Nbd2 O-O 7. Re1 a5 8. a4
Na6 9. c3 d5 10. e5 Ne8 11. h3 b6 12. Nf1 Nac7 13. Ng3 Ba6 14. Bc2 Ra7 15. Ng5
Qc8 16. f4 e6 17. h4 Bh6 18. Nh5 c5 19. g4 Bxg5 20. hxg5 gxh5 21. Kg2 Ng7
22. Rh1 Rd8 23. f5 cxd4 24. f6 dxc3 25. fxg7 d4 26. gxh5 d3 27. g6 dxc2
28. gxh7+ Kxh7 29. Qg4 Bb7+ 30. Kf2 Bxh1 31. Qg5 Rd2+ 32. Bxd2 cxd2 33. Rg1
d1=N+ 34. Ke1 Ra8 35. Qd2 Be4 36. Qf4 Bf5 37. Rg5 Nd5 38. Qc1 Qc5 0-1

[Event "GP de la librairie Marchand"]
[Site "Anderlecht"]
[Date "1987.??.??"]
[Round "4"]
[White "Denys, Alex"]
[Black "Geenen, Marc"]
[Result "1/2-1/2"]
[WhiteElo "2275"]
[BlackElo "2295"]
[Source "ChessBase"]

1. e4 e5 2. Nf3 Nc6 3. Nc3 Nf6 4. Bb5 Nd4 5. Nxd4 exd4 6. e5 dxc3 7. exf6 Qxf6
8. dxc3 Qe5+ 9. Qe2 Qxe2+ 10. Kxe2 Bc5 11. Be3 Bxe3 12. Kxe3 O-O 13. Rae1 d6
14. Kd2 1/2-1/2

[Event "GP de la librairie Marchand"]
[Site "Anderlecht"]
[Date "1987.??.??"]
[Round "4"]
[White "Penson, Thierry"]
[Black "Bogaerts, Jan"]
[Result "1-0"]
[WhiteElo "2265"]
[BlackElo "2310"]
[Source "ChessBase"]

1. e4 c5 2. Ne2 Nc6 3. Nbc3 d6 4. g3 g6 5. Bg2 Bg7 6. O-O e6 7. d3 Nge7 8. Bg5
O-O 9. Qd2 Nd4 10. Rab1 Rb8 11. b4 Qd7 12. a3 b6 13. f4 Bb7 14. Nxd4 Bxd4+
15. Kh1 Bg7 16. Ne2 f6 17. Bh4 f5 18. b5 d5 19. Bxe7 Qxe7 20. e5 d4 21. Ng1
Bxg2+ 22. Qxg2 Qb7 23. Qxb7 Rxb7 24. Nf3 Ra8 25. Nd2 h6 26. Nc4 Bf8 27. Kg2 Be7
28. Kf3 Bd8 29. Rb3 Bc7 30. Rfb1 Kf7 31. a4 g5 32. h3 gxf4 33. Kxf4 Rbb8 34. Ra3
Rd8 35. a5 bxa5 36. Nxa5 Bxa5 37. Rxa5 Rdb8 38. Rba1 Rb7 39. R1a4 Kg6 40. Ra6
Re8 41. R4a5 Ree7 42. Rc6 Rbc7 43. Raa6 Kf7 44. h4 Rb7 45. Rxc5 Rec7 46. Rcc6
Rxc6 47. bxc6 Rb2 48. Rxa7+ Ke8 49. Ra8+ Kf7 50. c7 Rxc2 51. g4 Rxc7 52. gxf5
Rc3 53. Ra7+ Kf8 54. Ke4 exf5+ 55. Kxd4 Rb3 56. Kc4 Rb6 57. d4 Rg6 58. Kd5 Rg4
59. e6 Ke8 60. Ke5 Re4+ 61. Kf6 Rxd4 62. Ra8+ Rd8 63. Rxd8+ 1-0

[Event "GP de la librairie Marchand"]
[Site "Anderlecht"]
[Date "1987.??.??"]
[Round "4"]
[White "Van Herck, Marcel"]
[Black "Moulin, Pierre"]
[Result "0-1"]
[WhiteElo "2260"]
[BlackElo "2320"]
[Source "ChessBase"]

1. g3 e5 2. Bg2 d5 3. c4 c6 4. b3 Nf6 5. Bb2 Bd6 6. d3 O-O 7. Nf3 e4 8. Nd4 Be5
9. Bc3 c5 10. Nc2 d4 11. Bb2 Nc6 12. O-O Bf5 13. Ne1 Re8 14. dxe4 Bxe4 15. Nd3
Qe7 16. Nd2 Bxg2 17. Kxg2 Bc7 18. Re1 Ba5 19. e3 Ne4 20. Nxe4 Qxe4+ 21. f3 Qe7
22. b4 Bxb4 23. Nxb4 Nxb4 24. exd4 Qxe1 25. Qxe1 Rxe1 26. Rxe1 Nc2 27. Re7 cxd4
28. Kf2 b6 29. Ke2 Rd8 30. Rxa7 d3+ 31. Kd2 Ne3 32. Bd4 Nxc4+ 33. Kxd3 Ne5+
34. Ke4 Nc6 35. Bxb6 Re8+ 36. Kd3 Nxa7 37. Bxa7 Ra8 38. Bd4 Rxa2 39. h4 f5
40. Ke3 Kf7 41. h5 Ra4 42. Be5 Rb4 43. Bd6 Ra4 44. Be5 g6 45. hxg6+ hxg6 46. Bf4
Ra3+ 0-1

[Event "GP de la librairie Marchand"]
[Site "Anderlecht"]
[Date "1987.??.??"]
[Round "5"]
[White "Geenen, Marc"]
[Black "Penson, Thierry"]
[Result "1/2-1/2"]
[WhiteElo "2295"]
[BlackElo "2265"]
[Source "ChessBase"]

1. e4 c5 2. Nf3 Nc6 3. d4 cxd4 4. Nxd4 Nf6 5. Nc3 d6 6. Bg5 Bd7 7. Be2 Qa5
8. Bxf6 gxf6 9. Nb3 Qg5 10. Nd5 O-O-O 11. O-O f5 12. f4 Qg7 13. exf5 Bxf5
14. Bf3 Qxb2 15. Ne3 Bd7 16. Rb1 Qc3 17. Nd5 Qg7 18. Qe1 e6 19. Nb4 d5 20. Nxc6
Bxc6 21. Qa5 a6 22. c4 Bd6 23. cxd5 exd5 24. Rfc1 Bxf4 25. Rxc6+ bxc6 26. Nc5
Be3+ 27. Kh1 Bxc5 28. Qxc5 Kc7 29. Qb6+ Kd6 1/2-1/2

[Event "GP de la librairie Marchand"]
[Site "Anderlecht"]
[Date "1987.??.??"]
[Round "5"]
[White "Kerkhof, Philippe"]
[Black "Van Herck, Marcel"]
[Result "1/2-1/2"]
[WhiteElo "2250"]
[BlackElo "2260"]
[Source "ChessBase"]

1. e4 c6 2. d4 d5 3. Nd2 dxe4 4. Nxe4 Nd7 5. Nf3 Ngf6 6. Nxf6+ Nxf6 7. Ne5 Be6
8. Be2 g6 9. O-O Bg7 10. c4 O-O 11. Be3 Qc7 12. Qc1 Nd7 13. Nf3 Bg4 14. h3 Bxf3
15. Bxf3 e5 16. dxe5 Nxe5 17. Be2 Rad8 18. Qc2 c5 19. Rfd1 b6 20. Bf4 Nf3+
21. Bxf3 Qxf4 22. Bd5 Bd4 23. Re1 Rfe8 24. Re2 Re5 25. Bf3 Rxe2 26. Qxe2 Be5
27. g3 Qf6 28. Rb1 Rd7 29. b3 Re7 30. Qd3 Bd4 31. Kg2 Kg7 32. Rf1 Re5 33. Bd5
Qe7 34. Rd1 h5 35. h4 Qf6 36. Rd2 Qe7 37. Qf3 Rf5 38. Qe4 Qf6 39. f4 Qd6
{ChessBase gives 39...Qe5. The text move was given to me by Mr. Van Herck.}
40. Re2 1/2-1/2

[Event "GP de la librairie Marchand"]
[Site "Anderlecht"]
[Date "1987.??.??"]
[Round "5"]
[White "Moulin, Pierre"]
[Black "Denys, Alex"]
[Result "0-1"]
[WhiteElo "2320"]
[BlackElo "2275"]
[Source "ChessBase"]

1. e4 e6 2. d4 d5 3. Nc3 Nf6 4. Bg5 Be7 5. e5 Ne4 6. Nxe4 dxe4 7. Bxe7 Qxe7
8. Qd2 b6 9. Bb5+ c6 10. Ba4 Bb7 11. Ne2 O-O 12. O-O c5 13. Rad1 Rd8 14. Qf4 Nd7
15. c3 cxd4 16. Nxd4 Rac8 17. Rfe1 Rc5 18. b4 Rxc3 19. Nb5 g5 20. Qd2 Rd3
21. Qb2 a6 22. Nd6 Bd5 23. Rc1 Nxe5 24. Qxe5 Rxd6 25. Rc8+ Rd8 26. Rc7 f6
27. Qxg5+ fxg5 28. Rxe7 Bxa2 29. h3 b5 30. Bc2 R3d7 31. Rxd7 Rxd7 32. Ra1 Bd5
33. Rxa6 Rc7 34. Bxe4 Bxe4 35. Rxe6 Bd3 36. Re3 Rc1+ 37. Kh2 Bc4 38. Rg3 Rb1
39. Rxg5+ Kf7 40. Rc5 Rxb4 41. Rc7+ Kg6 42. Rc6+ Kg5 43. f4+ Kxf4 44. Rh6 Rb2
45. Rxh7 Bd5 0-1

[Event "GP de la librairie Marchand"]
[Site "Anderlecht"]
[Date "1987.??.??"]
[Round "6"]
[White "Kerkhof, Philippe"]
[Black "Bogaerts, Jan"]
[Result "0-1"]
[WhiteElo "2250"]
[BlackElo "2310"]
[Source "ChessBase"]

1. e4 e6 2. d4 d5 3. Nd2 Nf6 4. e5 Nfd7 5. c3 c5 6. Bd3 Nc6 7. Ngf3 Qb6 8. O-O
cxd4 9. cxd4 Nxd4 10. Nxd4 Qxd4 11. Nf3 Qb6 12. Qc2 Be7 13. Be3 Bc5 14. Bd2 Nf8
15. Rac1 Be7 16. h4 Bd7 17. Be3 Qd8 18. h5 g6 19. Nd4 a6 20. Qe2 f5 21. exf6
Bxf6 22. hxg6 hxg6 23. f4 Qe7 24. Nf3 Qd6 25. Qc2 Rc8 26. Bxg6+ Kd8 27. Qb1 Rxc1
28. Rxc1 Rg8 29. Bd3 d4 30. Bd2 Bc6 31. Be4 d3 32. Bxc6 bxc6 33. Bc3 Nd7
34. Bxf6+ Nxf6 35. Rc3 Nd5 36. Qxd3 Rxg2+ 37. Kf1 Rg3 38. Rc4 e5 39. fxe5 Qh6
40. Rc3 Qh1+ 0-1

[Event "GP de la librairie Marchand"]
[Site "Anderlecht"]
[Date "1987.??.??"]
[Round "6"]
[White "Penson, Thierry"]
[Black "Moulin, Pierre"]
[Result "1/2-1/2"]
[WhiteElo "2265"]
[BlackElo "2320"]
[Source "ChessBase"]

1. c4 Nf6 2. Nc3 c5 3. Nf3 d5 4. cxd5 Nxd5 5. d4 g6 6. e4 Nxc3 7. bxc3 Bg7
8. Be3 Bg4 9. Qd2 Qa5 10. Rb1 Bxf3 11. Rb5 Qa3 12. gxf3 cxd4 13. cxd4 Nc6
14. Rxb7 O-O 15. Rb3 Qd6 16. d5 Ne5 17. Be2 Qd7 18. O-O 1/2-1/2

[Event "GP de la librairie Marchand"]
[Site "Anderlecht"]
[Date "1987.??.??"]
[Round "6"]
[White "Van Herck, Marcel"]
[Black "Denys, Alex"]
[Result "1/2-1/2"]
[WhiteElo "2260"]
[BlackElo "2275"]
[Source "ChessBase"]

1. e4 e6 2. d4 d5 3. Nc3 Nf6 4. e5 Nfd7 5. f4 c5 6. Nf3 Nc6 7. Be3 Qb6 8. Na4
Qa5+ 9. c3 cxd4 10. b4 Nxb4 11. cxb4 Bxb4+ 12. Bd2 Bxd2+ 13. Nxd2 f6 14. Bd3 O-O
15. Qh5 f5 16. Nb2 Nc5 17. Ke2 Ne4 18. Nb3 Qa3 19. Nd1 Bd7 20. Qh4 Ba4 21. Nxd4
Bxd1+ 22. Raxd1 Qb2+ 23. Ke3 g5 24. fxg5 f4+ 25. Kf3 Qxd4 26. Qe1 Nxg5+ 27. Kg4
f3+ 28. Kxg5 Qf4+ 29. Kh5 Qf7+ 30. Kh4 Qf4+ 31. Kh3 f2 32. Qe2 Qh6+ 33. Kg3 Qf4+
34. Kh3 Qh6+ 35. Kg3 Qf4+ 36. Kh3 1/2-1/2

[Event "GP de la librairie Marchand"]
[Site "Anderlecht"]
[Date "1987.??.??"]
[Round "7"]
[White "Bogaerts, Jan"]
[Black "Van Herck, Marcel"]
[Result "0-1"]
[WhiteElo "2310"]
[BlackElo "2260"]
[Source "ChessBase"]

1. e4 c6 2. d3 d5 3. Nd2 e5 4. Ngf3 Bd6 5. d4 exd4 6. exd5 cxd5 7. Nxd4 Nc6
8. N2f3 Nf6 9. Be2 O-O 10. O-O Ne4 11. c4 Nxd4 12. Qxd4 Be6 13. cxd5 Bxd5
14. Rd1 Bc6 15. b4 Be7 16. Qe5 Bf6 17. Rxd8 Raxd8 18. Qa5 Bxa1 19. Be3 Nc3
20. Kf1 Rd5 21. Qa3 Nxe2 22. Kxe2 Bb5+ 23. Ke1 Rd3 24. Qa5 Bc3+ 25. Bd2 Bxd2+
26. Nxd2 Re8+ 27. Kd1 Rd5 0-1

[Event "GP de la librairie Marchand"]
[Site "Anderlecht"]
[Date "1987.??.??"]
[Round "7"]
[White "Denys, Alex"]
[Black "Penson, Thierry"]
[Result "1-0"]
[WhiteElo "2275"]
[BlackElo "2265"]
[Source "ChessBase"]

1. e4 c5 2. c3 b6 3. d4 Bb7 4. f3 e6 5. Bd3 Qh4+ 6. g3 Qh5 7. Be3 Nc6 8. Nd2
cxd4 9. cxd4 Nf6 10. Ne2 g5 11. O-O Be7 12. Rc1 O-O 13. a3 Rfc8 14. Qb3 Ne8
15. Nc3 Qg6 16. Qc2 Qg7 17. Nb3 d6 18. Qf2 Rab8 19. Be2 Bf6 20. Rfd1 Bd8 21. d5
exd5 22. Rxd5 Ne5 23. Rdd1 Nc6 24. Bb5 a6 25. Bxc6 Bxc6 26. Nd4 Bd7 27. Nd5 Kf8
28. g4 Nf6 29. Nf5 Bxf5 30. gxf5 Rxc1 31. Bxc1 g4 32. Kh1 Nxd5 33. Rxd5 Rc8
34. Bf4 gxf3 35. Bxd6+ Kg8 36. Rd1 1-0